000 01896cam a22004694i 4500
003 PE-LiUPU
005 20250731173149.0
008 150623s r 000 0 d
020 _a0801022592
035 _a(Sirsi) i9780801022593
040 _aPE-LiUPU
_bspa
_cPE-LiUPU
_erda
049 _aPRUA
082 0 4 _a266.001
_bG35
_221
245 0 0 _aGlobal missiology for the 21 st Century :
_bthe iguassu dialogue /
_cWilliam D. Taylor ed.
264 1 _aGrand Rapids, Michigan :
_bBaker Academic,
_c2001.
300 _a564 páginas :
_bilustraciones, fotos ;
_c26 centímetros
336 _atext
_2rdacontent
337 _aunmediated
_2rdamedia
338 _avolume
_2rdacarrier
504 _aIncluye bibliografía.
505 0 _aSetting the stage. Establishing the macro context of the major issues. Grounding our reflections in scripture: biblical trinitarianism and mission. Anddressing issues of globalized evangelical missiology. Responding to the challenges. Listening to mission that rises from community and spirituality. Accepting serious commitments.
526 _aSEG42
526 _aSEG41
526 _aSEG40
526 _aSEG39
526 _aP94
526 _aP87
526 _aP86
526 _aP85
526 _aP77
526 _aP76
526 _aP35
650 0 4 _aGlobalización y evangelismo mundial.
650 0 4 _aMisiones
_xTeoría
_vCongresos.
700 1 _aTaylor, William D. ed.
942 _2ddc
_cBOOK
949 _a266.001 G35
_wDEWEY
_c1
_i53406
_lCCODEBUL1
_mBUL
_p32.00
_r0
_sY
_tBOOK
_u2015-6-24
_xTEOLOGIA
_PP35
_0COMPRA
_o.STAFF. Colección General
994 _aC0
_bPEPRU
596 _a1
999 _a266.001 G35
_wDEWEY
_c35376
_i53406
_d35376
_e2018-5-11
_f2021-11-10
_g5
_lCCODEBUL1
_mBUL
_n2
_p32.00
_q3
_r0
_sY
_tBOOK
_u2015-6-24
_xTEOLOGIA
_PP35
_0COMPRA
_o.STAFF. Colección General
980 _81
_gALBERTO SANCHEZ Responsable de Automatización